Famous Three-Letter Titled Films - Statistics

General Stats
  • This quiz has been taken 75 times
  • The average score is 7 of 15
Answer Stats
Hint Movie % Correct
Biopic, Will Smith, Boxer Ali
88%
Biopic, Jamie Foxx, Jazz Ray
76%
Seth MacFarlane, Mark Wahlberg Ted
74%
Tom Hanks, 1988, Comedy Big
69%
Horror, Creepy, Tool Saw
60%
Xander Cage, Vin Diesel xXx
57%
Animated, Blue Sky, Brazil Rio
55%
Melissa McCarthy, Espionage Spy
55%
Robot, Joaquin Phoenix Her
52%
Easter, James Marsden, 2011 Hop
28%
Jennifer Lawrence, David O. Russell Joy
24%
Bruce Willis, Superhero RED
22%
Hugh Jackman, Black Beard, Pirates Pan
19%
Jeremy Renner, Game, Jake Johnson Tag
14%
Dog, Military, Lauren Graham Max
10%
No matching quizzes found
Score Distribution
Percent of People with Each Score
Percentile by Number Answered
Your Score History
You have not taken this quiz